[Event "25th Capablanca Memorial"]
[Site "Havana CUB"]
[Date "1990.??.??"]
[Round "10"]
[White "Franco Ocampos, Zenon"]
[Black "Granda Zuniga, Julio"]
[Result "1/2-1/2"]
[WhiteElo "2475"]
[BlackElo "2510"]
[EventDate "1990.??.??"]
[PlyCount "61"]

1.d4 d5 2.Nf3 Nf6 3.c4 dxc4 4.e3 e6 5.Bxc4 a6 6.O-O b5 7.Bd3 Bb7 8.Qe2 c5 
9.dxc5 Bxc5 10.Bxb5+ axb5 11.Qxb5+ Bc6 12.Qxc5 Bxf3 13.gxf3 Ra5 14.Qd4 Qc7
15.Nc3 Nc6 16.Qf4 Qb7 17.Rd1 O-O 18.Kh1 Rf5 19.Qg3 Ne5 20.e4 Rxf3 21.Qxe5 
Ng4 22.Qh5 f5 23.Be3 Rxe3 24.fxe3 Qxb2 25.exf5 Nf2+ 26.Kg1 Nxd1 27.Qxd1 
Qxc3 28.Qd4 Qc2 29.e4 exf5 30.Qd5+ Kh8 31.exf5 1/2-1/2

[Event "25th Capablanca Memorial"]
[Site "Havana CUB"]
[Date "1990.??.??"]
[Round "10"]
[White "Rodriguez Cespedes, Amador"]
[Black "Paneque, Pedro"]
[Result "1-0"]
[WhiteElo "2495"]
[BlackElo "2380"]
[EventDate "1990.??.??"]
[PlyCount "57"]

1.e4 e6 2.d4 d5 3.Nc3 Bb4 4.e5 Ne7 5.a3 Bxc3+ 6.bxc3 c5 7.Qg4 Qc7 8.Bd3 
cxd4 9.Ne2 dxc3 10.Qxg7 Rg8 11.Qxh7 Nbc6 12.Bf4 Bd7 13.O-O O-O-O 14.Bg3 
Nxe5 15.Rfe1 N7c6 16.Nxc3 Nd4 17.Ne2 Ndf3+ 18.gxf3 Nxf3+ 19.Kg2 Nxe1+ 20.
Rxe1 e5 21.Bf5 Rg5 22.Bxd7+ Rxd7 23.h4 Rg6 24.h5 Rg5 25.Qh6 f6 26.Qxf6 
Rxh5 27.Nf4 exf4 28.Re8+ Rd8 29.Bxf4 1-0

[Event "25th Capablanca Memorial"]
[Site "Havana CUB"]
[Date "1990.??.??"]
[Round "11"]
[White "Paneque, Pedro"]
[Black "Antunes, Antonio"]
[Result "0-1"]
[WhiteElo "2380"]
[BlackElo "2445"]
[EventDate "1990.??.??"]
[PlyCount "150"]

1.c4 e6 2.Nf3 d5 3.b3 Nf6 4.g3 a5 5.Bg2 a4 6.Bb2 Be7 7.O-O O-O 8.d3 c6 9.
Nbd2 Nbd7 10.Qc2 Qc7 11.bxa4 Qa5 12.Nb3 Qxa4 13.e4 b6 14.e5 Ne8 15.Nfd2 
Nc7 16.Nb1 Bb7 17.Nc3 Qa6 18.Ne2 c5 19.a4 dxc4 20.dxc4 Bxg2 21.Kxg2 Qb7+ 
22.Kg1 Qc6 23.Nd2 Ra6 24.Rfe1 Rd8 25.Ne4 Raa8 26.Nf4 Nf8 27.h4 Na6 28.Bc3 
Nb4 29.Bxb4 cxb4 30.h5 Rd4 31.Nd2 Rad8 32.Nb3 Rxc4 33.Qe2 Rc3 34.Nc1 Qf3 
35.Qxf3 Rxf3 36.Kg2 Ra3 37.Nce2 Ra8 38.Nd4 R8xa4 39.Rab1 Rc3 40.Nfe2 Rc4 
41.Rec1 Rxc1 42.Rxc1 Ra3 43.Rb1 Bc5 44.Kf1 Nd7 45.Nc6 Kf8 46.f4 Ra4 47.Nc1
f6 48.Nd3 fxe5 49.fxe5 Ra3 50.Ke2 Ke8 51.g4 h6 52.Rd1 Ra8 53.Rb1 Ra2+ 54.
Kf3 Ra3 55.Ke2 Ra4 56.Kf3 Bf8 57.Nf4 Ra3+ 58.Kg2 Ra2+ 59.Kf3 Ra3+ 60.Kg2 
Rc3 61.Nd4 Nxe5 62.Re1 Nxg4 63.Rxe6+ Kd7 64.Nd5 Bc5 65.Nxb6+ Bxb6 66.Rxb6 
Rc4 67.Nf5 Kc7 68.Rb5 Nf6 69.Ng3 Kc6 70.Rb8 Nd7 71.Rc8+ Kd5 72.Rd8 Rc7 73.
Nf1 b3 74.Nd2 b2 75.Kf3 Ke5 0-1

[Event "25th Capablanca Memorial"]
[Site "Havana CUB"]
[Date "1990.??.??"]
[Round "11"]
[White "Borges Matos, Juan"]
[Black "Rodriguez Cespedes, Amador"]
[Result "1/2-1/2"]
[WhiteElo "2500"]
[BlackElo "2495"]
[EventDate "1990.??.??"]
[PlyCount "22"]

1.d4 Nf6 2.c4 c5 3.d5 e6 4.Nc3 exd5 5.cxd5 d6 6.Nf3 g6 7.Bg5 Bg7 8.e4 h6 
9.Bh4 a6 10.a4 g5 11.Bg3 Nh5 1/2-1/2

[Event "25th Capablanca Memorial"]
[Site "Havana CUB"]
[Date "1990.??.??"]
[Round "11"]
[White "Granda Zuniga, Julio"]
[Black "Gomez Abad, Antonio"]
[Result "1-0"]
[WhiteElo "2510"]
[BlackElo "2390"]
[EventDate "1990.??.??"]
[PlyCount "63"]

1.Nf3 d5 2.g3 c5 3.Bg2 Nc6 4.c4 d4 5.d3 e5 6.O-O Be7 7.b4 cxb4 8.a3 bxa3 
9.Bxa3 Nf6 10.Nbd2 O-O 11.Ng5 h6 12.Nge4 Bxa3 13.Rxa3 Bf5 14.Nxf6+ Qxf6 
15.Qa4 Bd7 16.c5 Qe7 17.Rb3 Rab8 18.Rfb1 Qxc5 19.Rxb7 Rfd8 20.Nc4 Rbc8 21.
h4 Be8 22.R1b5 Qf8 23.Qa2 a6 24.R5b6 Kh7 25.Rxa6 f6 26.Kh2 Nb8 27.Raa7 Rd7
28.Rxd7 Bxd7 29.Nb6 Rd8 30.Rc7 Qd6 31.Qa7 f5 32.Rb7 1-0

[Event "25th Capablanca Memorial"]
[Site "Havana CUB"]
[Date "1990.??.??"]
[Round "11"]
[White "Arencibia Rodriguez, Walter"]
[Black "Franco Ocampos, Zenon"]
[Result "1-0"]
[WhiteElo "2425"]
[BlackElo "2475"]
[EventDate "1990.??.??"]
[PlyCount "59"]

1.d4 Nf6 2.c4 e6 3.Nc3 Bb4 4.f3 d5 5.a3 Bxc3+ 6.bxc3 c5 7.cxd5 Nxd5 8.dxc5
Qa5 9.e4 Ne7 10.Be3 O-O 11.Qb3 Qc7 12.Nh3 e5 13.Nf2 Nec6 14.Rb1 Na5 15.Qa4
Bd7 16.Bb5 Be6 17.O-O a6 18.Be2 Nd7 19.Qb4 Rac8 20.c6 bxc6 21.Bxa6 Rb8 22.
Qe7 Rbe8 23.Qh4 Ra8 24.Be2 Nb3 25.Ng4 f6 26.f4 Rxa3 27.f5 Bf7 28.Rf3 Rfa8 
29.Nh6+ gxh6 30.Qxh6 1-0

[Event "25th Capablanca Memorial"]
[Site "Havana CUB"]
[Date "1990.??.??"]
[Round "11"]
[White "Herrera, Irisberto"]
[Black "Vera Gonzalez, Reynaldo"]
[Result "0-1"]
[WhiteElo "2410"]
[BlackElo "2475"]
[EventDate "1990.??.??"]
[PlyCount "84"]

1.e4 c5 2.Nf3 d6 3.d4 cxd4 4.Nxd4 Nf6 5.Nc3 a6 6.Be2 e6 7.O-O Be7 8.a4 Nc6
9.Be3 O-O 10.Kh1 Qc7 11.f4 Rd8 12.Qe1 Nxd4 13.Bxd4 e5 14.Be3 exf4 15.Rxf4 
Be6 16.Qf2 Nd7 17.Bd4 Rf8 18.Qg3 Ne5 19.Bd3 Rae8 20.Nd5 Bxd5 21.exd5 g6 
22.Raf1 Bd8 23.c4 a5 24.Bg1 Nxc4 25.Rc1 Qe7 26.h3 Ne3 27.Rf3 Qf6 28.Rxf6 
Bxf6 29.b3 Re5 30.Qf3 Kg7 31.Bb5 h5 32.g3 Nf5 33.Qf4 Re3 34.Bd7 Be5 35.Qc4
Nxg3+ 36.Kg2 Ne4 37.Qb5 Rg3+ 38.Kf1 Rxb3 39.Qxa5 Rb2 40.Rc7 Bd4 41.Bb5 
Nd2+ 42.Ke1 Nb3 0-1

[Event "25th Capablanca Memorial"]
[Site "Havana CUB"]
[Date "1990.??.??"]
[Round "11"]
[White "Sariego Figueredo, Wilfredo"]
[Black "Gruenberg, Hans-Ulrich"]
[Result "0-1"]
[WhiteElo "2405"]
[BlackElo "2475"]
[EventDate "1990.??.??"]
[PlyCount "86"]

1.e4 c5 2.c3 d5 3.exd5 Qxd5 4.d4 e6 5.Nf3 Nf6 6.Be3 Ng4 7.Nbd2 Nc6 8.Bc4 
Qd7 9.O-O Be7 10.Bg5 O-O 11.Re1 cxd4 12.Bxe7 Qxe7 13.cxd4 Rd8 14.d5 Na5 
15.Rc1 Nxc4 16.Nxc4 Qf8 17.d6 b5 18.Nce5 Rxd6 19.Qb3 Nxe5 20.Nxe5 f6 21.
Nf3 Bd7 22.Rc7 a6 23.g3 Kh8 24.h4 e5 25.h5 h6 26.Kg2 Rc8 27.Ra7 Qd8 28.Qa3
Rcc6 29.Kg1 Qb8 30.Qe3 Rb6 31.Rxd7 Rxd7 32.Nh4 Qc7 33.Qe4 Qc6 34.Qf5 Qe6 
35.Qf3 Qd5 36.Ng6+ Kh7 37.Qf5 Qd2 38.Nf8+ Kg8 39.Nxd7 Qxe1+ 40.Kh2 Rd6 41.
Qg6 Re6 42.Nc5 Re7 43.Qf5 Qd2 0-1

[Event "25th Capablanca Memorial"]
[Site "Havana CUB"]
[Date "1990.??.??"]
[Round "11"]
[White "Remon Gay, Adelquis"]
[Black "Ruban, Vadim"]
[Result "0-1"]
[WhiteElo "2375"]
[BlackElo "2565"]
[EventDate "1990.??.??"]
[PlyCount "100"]

1.d4 Nf6 2.Nf3 d5 3.e3 e6 4.Bd3 c5 5.b3 Nc6 6.O-O Be7 7.a3 O-O 8.Bb2 b6 9.
Nbd2 Bb7 10.Qe2 a5 11.Rfd1 a4 12.c4 cxd4 13.exd4 axb3 14.Nxb3 dxc4 15.Bxc4
Na5 16.Nxa5 Rxa5 17.Ne5 Qa8 18.f3 Bd5 19.Qd3 Bxc4 20.Nxc4 Ra6 21.Rdc1 Nd5 
22.Qb3 Qb7 23.Rc2 Rfa8 24.Ne5 h6 25.Qb5 Ra5 26.Qb3 Ra4 27.Rc4 Qa6 28.Rxa4 
Qxa4 29.Qxa4 Rxa4 30.Rc1 f6 31.Rc8+ Kh7 32.Nc6 Bxa3 33.Bxa3 Rxa3 34.Nd8 
Nf4 35.Rc6 Ra1+ 36.Kf2 Ra2+ 37.Kf1 b5 38.Rb6 Nxg2 39.Nxe6 Ne3+ 40.Ke1 b4 
41.Rb7 Kg6 42.Rxg7+ Kf5 43.Nc5 Rxh2 44.Nd3 b3 45.Rb7 Nc2+ 46.Kf1 Nxd4 47.
Rb4 b2 48.Nxb2 Nxf3 49.Nd3 Ne5 50.Nf2 Rxf2+ 0-1

[Event "25th Capablanca Memorial"]
[Site "Havana CUB"]
[Date "1990.??.??"]
[Round "12"]
[White "Antunes, Antonio"]
[Black "Ruban, Vadim"]
[Result "1-0"]
[WhiteElo "2445"]
[BlackElo "2565"]
[EventDate "1990.??.??"]
[PlyCount "123"]

1.e4 c5 2.Nf3 Nc6 3.Bb5 d6 4.d4 cxd4 5.Qxd4 Bd7 6.Bxc6 Bxc6 7.Nc3 e6 8.Bg5
Nf6 9.O-O-O Be7 10.Rhe1 O-O 11.e5 dxe5 12.Qh4 Qc7 13.Nxe5 Rfe8 14.Qc4 Nd5 
15.Bxe7 Rxe7 16.Rd3 Nb6 17.Qh4 f6 18.Nxc6 Qxc6 19.Qb4 Rae8 20.f3 Qc4 21.
Rd4 Qxb4 22.Rxb4 Rd8 23.a4 Kf7 24.a5 Nc8 25.Ne4 Rc7 26.Rb5 Rd5 27.Rxd5 
exd5 28.Nd2 Re7 29.Rxe7+ Nxe7 30.Nb3 Nc6 31.Kd2 Ke7 32.f4 g5 33.Ke3 Kd6 
34.c3 Ke7 35.Kf3 Kf7 36.Ke3 Ke7 37.Kf3 Kf7 38.Ke3 Kg6 39.fxg5 fxg5 40.Nc5 
Nxa5 41.Kd4 b6 42.Nd3 Nc4 43.Kxd5 Ne3+ 44.Kc6 Nxg2 45.Kb7 Kf5 46.Nf2 Kf4 
47.Kxa7 Kf3 48.Nd3 Ke4 49.Nf2+ Kf3 50.Nd3 Nf4 51.Ne5+ Ke4 52.Nf7 g4 53.Nh6
Nd3 54.b4 b5 55.Kb6 Kf4 56.Kxb5 Kg5 57.Nf7+ Kf4 58.Nh6 Kg5 59.Kc4 Nf4 60.
b5 Kxh6 61.b6 Ng6 62.Kd5 1-0

[Event "25th Capablanca Memorial"]
[Site "Havana CUB"]
[Date "1990.??.??"]
[Round "12"]
[White "Gruenberg, Hans-Ulrich"]
[Black "Remon Gay, Adelquis"]
[Result "0-1"]
[WhiteElo "2475"]
[BlackElo "2375"]
[EventDate "1990.??.??"]
[PlyCount "70"]

1.d4 d5 2.c4 e6 3.Nc3 c6 4.Nf3 dxc4 5.a4 Bb4 6.e3 b5 7.Bd2 Bb7 8.b3 a5 9.
axb5 Bxc3 10.Bxc3 cxb5 11.bxc4 b4 12.Bb2 Nf6 13.Bd3 O-O 14.Qc2 Nbd7 15.O-O
Qc7 16.c5 Bc6 17.e4 h6 18.Nd2 a4 19.f4 Rfb8 20.Bc4 a3 21.Bc1 Qb7 22.f5 e5 
23.d5 Ba4 24.Bb3 Qa7 25.Bxa4 Nxc5 26.Bc6 Ncxe4+ 27.Kh1 Nf2+ 28.Rxf2 Qxf2 
29.Qd3 b3 30.Bxa8 b2 31.Bxb2 axb2 32.Rf1 e4 33.Rxf2 exd3 34.Rf1 Ne4 35.Nb1
Rxa8 0-1

[Event "25th Capablanca Memorial"]
[Site "Havana CUB"]
[Date "1990.??.??"]
[Round "12"]
[White "Vera Gonzalez, Reynaldo"]
[Black "Sariego Figueredo, Wilfredo"]
[Result "1/2-1/2"]
[WhiteElo "2475"]
[BlackElo "2405"]
[EventDate "1990.??.??"]
[PlyCount "32"]

1.d4 Nf6 2.c4 e6 3.Nc3 Bb4 4.Qc2 b6 5.Bg5 Bb7 6.e3 O-O 7.Nf3 d5 8.cxd5 
exd5 9.Bd3 h6 10.Bxf6 Qxf6 11.a3 Bxc3+ 12.Qxc3 c5 13.dxc5 Qxc3+ 14.bxc3 
bxc5 15.Rb1 Ba6 16.Bxa6 Nxa6 1/2-1/2

[Event "25th Capablanca Memorial"]
[Site "Havana CUB"]
[Date "1990.??.??"]
[Round "12"]
[White "Franco Ocampos, Zenon"]
[Black "Herrera, Irisberto"]
[Result "1-0"]
[WhiteElo "2475"]
[BlackElo "2410"]
[EventDate "1990.??.??"]
[PlyCount "103"]

1.d4 Nf6 2.Nf3 e6 3.e3 b6 4.Bd3 Bb7 5.O-O Be7 6.c4 O-O 7.Nc3 d5 8.b3 Nbd7 
9.Bd2 c5 10.Qc2 Rc8 11.Rac1 Qc7 12.cxd5 exd5 13.Rfe1 Qb8 14.Bf5 Rcd8 15.
Ne5 Nxe5 16.dxe5 Ne8 17.e6 Nf6 18.exf7+ Kh8 19.e4 dxe4 20.Be3 Qc8 21.Rcd1 
Qc7 22.Nxe4 Bxe4 23.Bxe4 Nxe4 24.Rxd8 Qxd8 25.Rd1 Qc7 26.Qxe4 Rxf7 27.g3 
Bf8 28.Bf4 Qc8 29.h4 Kg8 30.Qc4 Qe8 31.Kg2 Kh8 32.Qd5 Re7 33.a3 Re2 34.a4 
h6 35.h5 Re6 36.Kg1 Re7 37.Rd3 Re1+ 38.Kh2 Re7 39.Kg2 Re6 40.Rf3 Rf6 41.g4
Qf7 42.Qxf7 Rxf7 43.Bb8 Rxf3 44.Kxf3 a6 45.Ke4 b5 46.Kd5 Be7 47.Ba7 c4 48.
bxc4 bxa4 49.c5 a3 50.c6 a2 51.Bd4 Bf6 52.c7 1-0

[Event "25th Capablanca Memorial"]
[Site "Havana CUB"]
[Date "1990.??.??"]
[Round "12"]
[White "Gomez Abad, Antonio"]
[Black "Arencibia Rodriguez, Walter"]
[Result "0-1"]
[WhiteElo "2390"]
[BlackElo "2425"]
[EventDate "1990.??.??"]
[PlyCount "68"]

1.d4 Nf6 2.c4 g6 3.Nc3 d5 4.Bg5 Ne4 5.Be3 Nxc3 6.bxc3 Bg7 7.Nf3 c5 8.cxd5 
Qxd5 9.g3 cxd4 10.cxd4 Bf5 11.Bg2 Be4 12.Qa4+ Nc6 13.O-O O-O 14.Nh4 Bxg2 
15.Nxg2 Nxd4 16.Nf4 Qc6 17.Qxc6 Nxc6 18.Rab1 b6 19.Rfc1 Rac8 20.Rc4 Ne5 
21.Ra4 Rc7 22.Rb3 Rd8 23.Nd3 Nc4 24.Bc1 e5 25.f3 f5 26.Bg5 Rd4 27.Rb1 e4 
28.fxe4 fxe4 29.Nf2 e3 30.Nd3 Nd2 31.Rbb4 Rxd3 32.exd3 Nf3+ 33.Kf1 Nxg5 
34.h4 Rc2 0-1

[Event "25th Capablanca Memorial"]
[Site "Havana CUB"]
[Date "1990.??.??"]
[Round "12"]
[White "Paneque, Pedro"]
[Black "Borges Matos, Juan"]
[Result "1-0"]
[WhiteElo "2380"]
[BlackElo "2500"]
[EventDate "1990.??.??"]
[PlyCount "61"]

1.e4 c5 2.Nf3 e6 3.d4 cxd4 4.Nxd4 Nf6 5.Nc3 Qa5 6.Be3 d6 7.a3 a6 8.Qd2 b5 
9.f3 Be7 10.g4 Qc7 11.O-O-O O-O 12.h4 Nc6 13.Nxc6 Qxc6 14.Ne2 Rb8 15.g5 
Nd7 16.Nd4 Qc7 17.g6 Ne5 18.h5 Bf6 19.gxh7+ Kh8 20.h6 g6 21.Bg5 Qe7 22.
Bxf6+ Qxf6 23.f4 Nc4 24.Bxc4 bxc4 25.e5 dxe5 26.Nc6 c3 27.Qxc3 Qxf4+ 28.
Kb1 Rb5 29.Rhf1 Qg5 30.Qh3 Qxh6 31.Rd8 1-0

[Event "25th Capablanca Memorial"]
[Site "Havana CUB"]
[Date "1990.??.??"]
[Round "13"]
[White "Arencibia Rodriguez, Walter"]
[Black "Rodriguez Cespedes, Amador"]
[Result "1/2-1/2"]
[WhiteElo "2425"]
[BlackElo "2495"]
[EventDate "1990.??.??"]
[PlyCount "20"]

1.d4 Nf6 2.c4 d6 3.Nc3 Nbd7 4.Nf3 g6 5.g3 Bg7 6.Bg2 O-O 7.O-O e5 8.e4 c6 
9.h3 Qb6 10.d5 Nc5 1/2-1/2